| 000 | 00784nam a2200181 i 4500 | ||
|---|---|---|---|
| 001 | 184280 | ||
| 003 | ES-MaACL | ||
| 005 | 20230906222140.0 | ||
| 008 | 150609s1897 sp |||| | spa d | ||
| 080 | _a94(729.1)"1895/98" | ||
| 245 | 0 | 0 |
_aCuba _b: política, guerra, autonomía / _cpor R.S.P., exgobernador civil. |
| 260 |
_a[S.l.] : _b[s.n.], _c1897 ( _eMadrid : _fImp., Fundación y Fábrica de Tintas de los Hijos de J. A. García) |
||
| 300 |
_a79 p. ; _c23 cm. |
||
| 530 | _aDisponible en formato digital. | ||
| 651 | 4 |
_aCuba- _xHistoria- _y1895-1898, Guerra de la Independencia. _98096 |
|
| 852 |
_aES-MaACL _jT-809-F-9 _z.- Enc. en un vol. facticio conservando la cub. original |
||
| 856 |
_uhttp://bdh-rd.bne.es/viewer.vm?id=0000120866&page=1 _zBiblioteca Digital Hispánica |
||
| 999 |
_c184280 _d184280 |
||